Normal view
MARC view
- Offenses against the environment
Entry Topical Term
001 - CONTROL NUMBER
- control field: 90095
003 - CONTROL NUMBER IDENTIFIER
- control field: NUST
005 - DATE AND TIME OF LATEST TRANSACTION
- control field: 20220301154953.0
008 - FIXED-LENGTH DATA ELEMENTS
- fixed length control field: 220301|| aca||aabn | a|a d
040 ## - CATALOGING SOURCE
- Original cataloging agency: NUST
- Transcribing agency: NUST
150 ## - HEADING--TOPICAL TERM
- Topical term or geographic name entry element: Offenses against the environment
670 ## - SOURCE DATA FOUND
- Source citation: Work cat.: (NUST)588307: Nurse, Angus, author. 90094, An introduction to green criminology & environmental justice /, 2016.
